000 00368cam a22001217a 4500
008 180718b1973 xxu||||| |||| 00| 0 eng d
082 _aX89 Un3 29-c.1
100 _aDarnay et. al
245 _aThe Salvage industry what it is - how it works
_cby Arsen Darnay et. al
260 _aWashington
_bEnvironmental Protection Agency
_c1973
300 _a32p.
650 _aSalvage
999 _c413874
_d413874